| 000 | 00491nam a2200181 a 4500 | ||
|---|---|---|---|
| 001 | 000021601 | ||
| 003 | DO-SdBNP | ||
| 005 | 20250409134336.0 | ||
| 008 | 100909s1948 dr 000 0 spa d | ||
| 040 |
_aDO-SdBNP _bspa _cBNPHU |
||
| 049 | _aBNPD | ||
| 082 |
_a928.646 _bC755h |
||
| 110 | 2 |
_aConsejo Administrativo del Distrito de Santo Domingo _944967 |
|
| 245 | 0 | 0 | _aHomenaje a Cervantes. |
| 260 |
_aSanto Domingo : _bMontalvo, _c1948. |
||
| 300 |
_a27 p. ; _c25 cm. |
||
| 942 |
_2ddc _cLBS1 |
||
| 999 |
_c21100 _d21100 |
||